000 00638nam a22001937a 4500
003 UA-OsUOA
001 19983
007 ta
008 20041011b un ||||| |||| 00| 0 ukr d
100 _aНикон (Гайдай) (Гайдай)
700 _aієромонах
942 _cSA
040 _aUA-OsUOA
_cUA-OsUOA
_dUA-OsUOA
245 _aХудожник Іван Їжакевич і "Козацькі Могили"
_c(Гайдай), ієромонах Никон (Гайдай)
300 _aС.5
955 _a0
773 0 _w0
_tДуховна нива
_dРівне
_d2004
_g№9/верес./
650 7 _aІконопис
_2UDC
999 _c306156
_d306156